000 00574nam a2200241Ia 4500
003 OSt
005 20221005123508.0
006 a|||||r|||| 00| 0
007 ta
008 221004b |||||||| |||| 00| 0 eng d
024 _a40303
037 _cTextual
040 _aCRL
_cCRL
_beng
041 _2eng
_aeng
082 _aO:6L75w, D7
100 _aLucas E V
_9633745
245 0 _aLife of Charles Lamb
250 _a4th
260 _c1907
650 _aENGLISH LITERATURE
942 _hO:6L75w, D7
_cTEXL
_2cc
999 _c1047594
_d1047594